| 000 | 02833nam0a22005171 4500 | ||
|---|---|---|---|
| 001 | RU\NLR\A1\20267 | ||
| 005 | 20260406073648.0 | ||
| 035 | _a(NLR Aleph) 009675726 | ||
| 090 |
_a9681623 _c9681623 |
||
| 100 | _a19980921d1779 m y0rusy50 ca | ||
| 101 | 1 |
_arus _cfre |
|
| 102 | _aRU | ||
| 135 | _acrcn 024anaba | ||
| 140 | _ay y edyaa0000 | ||
| 200 | 1 | _aБасня о белой кошке | |
| 210 |
_aВ Санктпетербурге _cпри Артиллерийском инженерном шляхетном кадетском корпусе у содержателя тип. Х.Ф.Клеэна _d1779 |
||
| 215 |
_a128 с. _d8° |
||
| 305 | _aПер. сказки: La chatte blanche | ||
| 316 |
_aЭкз. РНБ (18.54.7.54) в составном картон. пер., обтянутом ледерином цвета морской волны, с коричн. ледериновым корешком. Корешок гладкий. На нижней крышке пер. экслибрис Рус. фонда ГПБ с шифром. На тит. л. рисунки пером с подписью: кошка. На с.128 круглый штамп ГПБ. Размер: 16,3х10,2х1,7 см _5NLR: 18.54.7.54 |
||
| 317 |
_aЭкз. РГАДА из б-ки Ф.Ф.Мазурина _5РГАДА |
||
| 321 | 1 | _aСК XVIII 4917 | |
| 325 | _aКопия доступна в Электрон. б-ке РНБ | ||
| 620 | _dСанкт-Петербург | ||
| 700 | 1 |
_4070 _aОнуа _bМ. К. д' _f1650-1705 _gМари Катрин д' _3RU\NLR\AUTH\770135104 _9135070 |
|
| 700 | 1 |
_7ba _8fre _aAulnoy _bM. C. L. J. de B. d' _f1650-1705 _gMarie-Catherine Le Jumel de Barneville d' _9224020 _3RU\NLR\AUTH\770224076 |
|
| 702 | 1 |
_aКлеэн _bХ.Ф. _f-ок. 1784 _gХристиан Фридрих _4610 |
|
| 702 | 1 |
_aМазурин _bФ.Ф. _f1845-1899 _gФедор Федорович _5РГАДА _4390 |
|
| 712 | 0 | 2 |
_aАртиллерийский и инженерный кадетский корпус _bТипография _cСанкт-Петербург _4610 |
| 801 | 0 |
_aRU _bNLR _c19980921 |
|
| 852 |
_aNLR _j18.54.7.54 |
||
| 856 | 0 | _uhttp://vivaldi.nlr.ru/bx000017307/view | |
| 856 | 1 | _uhttp://vivaldi.nlr.ru/bx000017307/cover | |
| 856 | 2 | _uhttp://vivaldi.nlr.ru/bx000017307/text | |
| 899 | _aБАН | ||
| 899 | _aГПИБ | ||
| 899 | _aРГАДА | ||
| 942 | _cBOOK | ||
| 980 | _aNB | ||
| 980 | 3 | _akpcivil | |
| 980 | 3 | _akp | |
| 980 | _aA1XVIIIv | ||
| 981 | 2 | 0 |
_a(20) Книжные памятники РНБ _b(20) Русский книжный фонд |